[Event "4th Sabbiadoro-Master 2018"]
[Site "Lignano Sabbiadoro"]
[Date "2018.07.30"]
[Round "2.1"]
[White "Ventura, Salvatore"]
[Black "Brankovic, Dejan"]
[Result "0-1"]
[WhiteElo "2190"]
[BlackElo "2377"]
[Annotator "TA"]
[PlyCount "56"]
[EventDate "2018.07.29"]
[EventType "swiss"]
[EventCountry "ITA"]
[SourceTitle "playchess.com"]
[Source "ChessBase"]
[SourceQuality "1"]

{[%evp 17,56,25,27,-78,-82,-73,-77,-84,-69,-81,-9,-141,-139,-131,-132,-149,-126,-197,-204,-172,-77,-82,-87,-90,-98,-95,-96,-97,-85,-176,-183,-178,-174,-234,-227,-228,-229,-235,-233,-252,-207]} 1. Nf3 g6 2. g3 Bg7 3. d4 Nf6 {[%cal Bg8f6,Bf6d7,Bd7e5,Be5c4][%mdl 32]} 4. Bg2 O-O 5. c4 d6 6. Nc3 Nc6 7. O-O a6 8. Qd3 Nd7 9. e4 {E63: Königsindisch (6...Sc6)} (9. Be3 Rb8 10. Qd2 b5 11. cxb5 axb5 12. Rac1 b4 13. Nd5 Bb7 14. Bg5 Re8 15. Rfd1 Ba8 16. b3 Rb5 17. e4 Qb8 {0-1 (35) Mareco,S (2583)-Flores,D (2602) Buenos Aires 2011}) 9... e5 {[%cal Re5d4] LiveBook: 8 Partien} 10. Be3 {[#]} (10. Bg5 $11 f6 11. Be3) 10... exd4 $1 $17 11. Nxd4 {Schwarz steht besser.} Nde5 12. Nxc6 bxc6 13. Qe2 $146 {[#]} ({Vorgänger:} 13. Qc2 Nxc4 14. Bf4 Rb8 15. b3 Na3 16. Qd3 Nb5 {0-1 (34) Khairallah,F (2281)-Chahrour,I (1941) Beirut 2012}) 13... Be6 (13... Bg4 $1 $17 {[%cal Rg4e2]} 14. f3 Be6) 14. c5 (14. b3 $11) 14... Bc4 15. Qc2 Bd3 16. Qa4 Nc4 17. Rfc1 (17. Bc1 $17) 17... Nxe3 $19 ({Schwächer ist} 17... Nxb2 18. Qxc6 Nc4 19. Bf4 $15) 18. fxe3 Bb5 (18... dxc5 $19 {Weiss muss nun ...Tb8 beachten.} 19. Qxc6 Rb8) 19. Nxb5 cxb5 20. Qb3 Be5 21. Rd1 Qg5 22. cxd6 cxd6 23. a4 (23. Rd2 $17) 23... bxa4 24. Rxa4 Rab8 25. Qd3 (25. Rb4 $142 Rxb4 26. Qxb4) 25... Rxb2 26. Rd2 Rfb8 27. Rxb2 Rxb2 ({Keinesfalls} 27... Bxb2 28. Rxa6 Be5 29. Qe2) 28. Rxa6 h5 {Precision: Weiß = 32%, Schwarz = 71%.} 0-1

[Event "4th Sabbiadoro-Master 2018"]
[Site "Lignano Sabbiadoro"]
[Date "2018.07.30"]
[Round "2.2"]
[White "Ristic, Nenad"]
[Black "Siclari, Giovanni"]
[Result "1-0"]
[WhiteElo "2356"]
[BlackElo "2185"]
[Annotator "TA"]
[PlyCount "45"]
[EventDate "2018.07.29"]
[EventType "swiss"]
[EventCountry "ITA"]
[SourceTitle "playchess.com"]
[Source "ChessBase"]
[SourceQuality "1"]

{[%evp 15,45,59,81,15,-2,-1,0,0,182,190,202,198,209,217,280,273,263,258,302,286,293,284,304,301,343,331,505,486,497,488,593,593]} 1. e4 c5 2. Nf3 e6 3. Nc3 a6 4. g3 Nc6 5. Bg2 g6 6. d4 cxd4 7. Nxd4 Bg7 8. Be3 Nge7 {LiveBook: 18 Games. B40: Sicilian: 2...e6, Unusual lines} 9. Qd2 (9. Nxc6 $16 Nxc6 10. f4) (9. O-O O-O 10. Nxc6 Nxc6 11. Na4 b5 12. Nb6 Rb8 13. Nxc8 Rxc8 14. c3 d6 15. Qe2 Na5 16. Rfd1 Qc7 17. Bd4 Rfd8 18. Bxg7 Kxg7 19. Rd4 Nc4 20. a4 Na5 21. Rb4 Nc6 22. Rb3 Na5 23. Rb4 Nc6 24. Rb3 Na5 {½-½ (24) Muse,D (2408)-Zaragatski,I (2510) Germany 2014}) 9... Ne5 $11 10. Qe2 Qc7 {The position is equal.} 11. O-O Nc4 $2 {[#]} (11... O-O $1 $11) 12. Ndb5 $1 {[%mdl 512]} axb5 13. Nxb5 {[%cal Bc3b5,Bb5d6,Bd6c4,Bc4b6][%mdl 32]} Qc6 {[#]} 14. Qxc4 $1 {[%mdl 512]} Qxc4 $146 ({Predecessor:} 14... O-O 15. Qb4 d6 16. c4 {1-0 (34) Farkas,G (2215)-Orso,J (2295) Hungary 1995}) 15. Nd6+ Kf8 16. Nxc4 b5 17. Nb6 Rb8 18. c3 {[%cal Bc2c3,Bc3b4][%mdl 32]} Nc6 19. Rfd1 Ke8 20. Bf1 b4 (20... Kd8 $142 21. a4 bxa4 22. Rxa4 Kc7) 21. cxb4 $18 {White is clearly winning.} Bxb2 22. Rab1 Be5 23. Rbc1 {Precision: White = 79%, Black = 44%.} 1-0

[Event "4th Sabbiadoro-Master 2018"]
[Site "Lignano Sabbiadoro"]
[Date "2018.07.30"]
[Round "2.3"]
[White "Grigorian, Roudolph"]
[Black "Damia, Angelo"]
[Result "0-1"]
[WhiteElo "2146"]
[BlackElo "2313"]
[Annotator "NA"]
[PlyCount "112"]
[EventDate "2018.07.29"]
[EventType "swiss"]
[EventCountry "ITA"]
[SourceTitle "playchess.com"]
[Source "ChessBase"]
[SourceQuality "1"]
[TimeControl "5400+30"]

{[%evp 8,111,32,39,29,15,40,35,39,44,83,82,77,53,122,77,87,70,75,61,52,32767,32767,32767,45,41,29,50,49,0,59,28,55,32,47,40,46,33,69,45,58,45,45,43,42,31,38,33,23,7,36,32767,32767,32767,32767,32767,32767,32767,32767,32767,32767,32767,32767,32767,32767,32767,32767,32767,32767,32767,32767,32767,32767,32767,-314,-248,-287,-406,-588,32767,32767,-579,32767,-490,-734,-836,-704,32767,32767,-1863,-2373,32767,32767,32767,32767,-1373,-1263,32767,32767,32767,32767,32767,-29982,-29978,-29986,-29983]} 1. Nc3 {[%emt 0:09:30]} d6 {[%emt 0:03:00]} 2. e4 {[%emt 0:00:30]} Nf6 {[%emt 0:02:30]} 3. d4 {[%emt 0:00:30]} e5 {[%emt 0:00:30]} 4. Nge2 {[%emt 0:03:30]} exd4 {[%emt 0:02:30]} 5. Nxd4 {[%emt 0:00:30]} Nc6 {[%emt 0:00:00]} 6. Bf4 {[%emt 0:04:30]} Be7 {[%emt 0:02:00]} 7. Qd2 {[%emt 0:00:30]} O-O {[%emt 0:02:30] LiveBook: 191 Games} 8. O-O-O {[%emt 0:01:30]} Nh5 {[%emt 0:12:30] C41: Philidor Defence} (8... Nxd4 $11 9. Qxd4 Be6 (9... a6 10. f3 b5 11. g4 c5 12. Qd2 b4 13. Nd5 Nxd5 14. exd5 Bf6 15. Bd3 Re8 16. Rhe1 Rxe1 17. Rxe1 {1-0 (32) Dominguez Perez,L (2739)-Noritsyn,N (2473) chess.com INT 2017})) 9. Be3 {[%emt 0:00:30]} Nxd4 {[%emt 0:02:30]} 10. Qxd4 {[%emt 0:01:30]} Bg5 {[%emt 0:02:30]} ({Better is} 10... Nf6 $14) 11. f3 {[%emt 0:04:30]} Qf6 $146 {[%emt 0:02:30]} ({Predecessor:} 11... Bxe3+ 12. Qxe3 Be6 13. g4 Nf6 14. e5 {1-0 (26) Tomcik,M (1743)-Martinka,T Sliac 2011}) 12. Bxg5 {[%emt 0:02:30]} Qxg5+ {[%emt 0:00:30]} 13. Kb1 {[%emt 0:00:00]} Be6 {[%emt 0:01:30]} 14. g4 {[%emt 0:05:00]} Nf4 {[%emt 0:00:30]} 15. Qd2 {[%emt 0:09:30]} Qe5 {[%emt 0:00:30]} 16. Ne2 {[%emt 0:00:30]} Nxe2 {[%emt 0:00:30]} 17. Bxe2 {[%emt 0:00:00]} a5 {[%emt 0:02:30]} 18. Bd3 {[%emt 0:02:00]} f6 {[%emt 0:01:30]} 19. f4 {[%emt 0:05:30]} Qc5 {[%emt 0:00:30]} 20. f5 {[%emt 0:01:30]} Bf7 {[%emt 0:00:30]} 21. g5 {[%emt 0:00:30]} fxg5 {[%emt 0:03:30]} 22. Qxg5 {[%emt 0:00:30]} h6 {[%emt 0:02:30]} 23. Qg3 {[%emt 0:01:30]} Qe5 {[%emt 0:00:30]} 24. Qxe5 {[%emt 0:03:30]} dxe5 {[%emt 0:00:30]} 25. Rhg1 {[%emt 0:00:30]} Kh7 {[%emt 0:01:30]} 26. Rg3 {[%emt 0:01:30]} Rad8 {[%emt 0:00:30]} 27. Rdg1 {[%emt 0:01:30]} Rg8 {[%emt 0:00:00]} 28. b3 {[%emt 0:00:30]} Rd6 {[%emt 0:05:00]} 29. Bc4 {[%emt 0:03:30]} Bxc4 {[%emt 0:01:30]} 30. bxc4 {[%emt 0:00:00]} Rd4 {[%emt 0:00:00]} 31. Rg6 {[%emt 0:01:00]} Rxe4 {[%emt 0:00:00]} 32. f6 {[%emt 0:04:30]} Re1+ {[%emt 0:00:30]} 33. Rxe1 {[%emt 0:00:00]} Kxg6 {[%emt 0:00:00]} 34. Rxe5 {[%emt 0:00:00]} gxf6 {[%emt 0:01:00]} 35. Rxa5 {[%emt 0:00:30]} Rg7 {[%emt 0:00:30]} 36. Kc1 {[%emt 0:00:30]} Rd7 {[%emt 0:00:30]} 37. Ra3 {[%emt 0:04:30]} f5 {[%emt 0:01:30]} 38. Rg3+ {[%emt 0:05:30]} Kf6 {[%emt 0:00:30]} 39. Rg8 {[%emt 0:03:30]} f4 {[%emt 0:03:30]} 40. Rf8+ {[%emt 0:00:30]} Ke5 {[%emt 0:02:30]} 41. Re8+ {[%emt 0:02:30]} Kf5 {[%emt 0:01:30]} 42. c5 {[%emt 0:00:30]} c6 {[%emt 0:00:30]} 43. Rf8+ {[%emt 0:01:10]} Ke4 {[%emt 0:02:30]} 44. Rf6 {[%emt 0:00:27]} h5 {[%emt 0:02:30]} 45. Rd6 {[%emt 0:00:34]} Rg7 {[%emt 0:00:30]} 46. Re6+ {[%emt 0:01:29]} Kf3 {[%emt 0:06:30]} 47. Kd2 {[%emt 0:00:56]} Kg2 {[%emt 0:01:30]} 48. Ke1 {[%emt 0:04:04]} f3 {[%emt 0:00:30]} 49. Rf6 {[%emt 0:00:07]} Re7+ {[%emt 0:00:30]} 50. Kd2 {[%emt 0:00:14]} Re5 {[%emt 0:01:30]} 51. h4 {[%emt 0:01:41]} f2 {[%emt 0:00:00]} 52. Rg6+ {[%emt 0:00:08]} Kf1 {[%emt 0:01:00]} 53. Rg7 {[%emt 0:00:23]} Rd5+ {[%emt 0:01:30]} 54. Kc1 {[%emt 0:00:20]} Rd4 {[%emt 0:00:30]} 55. Rxb7 {[%emt 0:00:55]} Kg2 {[%emt 0:00:30]} 56. Rg7+ {[%emt 0:00:10]} Rg4 {[%emt 0:00:30]} 0-1

[Event "4th Sabbiadoro-Master 2018"]
[Site "Lignano Sabbiadoro"]
[Date "2018.07.30"]
[Round "2.5"]
[White "Medici, Simone"]
[Black "Zuttioni, Federico"]
[Result "1-0"]
[WhiteElo "2286"]
[BlackElo "2141"]
[Annotator "NA"]
[PlyCount "77"]
[EventDate "2018.07.29"]
[EventType "swiss"]
[EventCountry "ITA"]
[SourceTitle "playchess.com"]
[Source "ChessBase"]
[SourceQuality "1"]
[TimeControl "5400+30"]

{[%evp 8,76,14,15,13,8,7,5,5,0,18,5,32767,32767,32767,-2,0,0,32767,-7,0,-5,0,0,0,0,32767,32767,32767,32767,32767,32767,32767,32767,32767,-2,0,32767,0,32767,32767,0,32767,0,0,0,0,-43,0,0,32767,0,32767,0,178,0,0,0,32767,0,0,0,0,32767,0,0,32767,32767,32767,0,0]} 1. d4 {[%emt 0:07:30]} Nf6 {[%emt 0:01:00]} 2. c4 {[%emt 0:00:30]} e6 {[%emt 0:00:30]} 3. Nf3 {[%emt 0:01:30]} Bb4+ {[%emt 0:01:30]} 4. Bd2 {[%emt 0:00:30]} Qe7 {[%emt 0:00:30]} 5. a3 {[%emt 0:02:30]} Bxd2+ {[%emt 0:00:30]} 6. Nbxd2 {[%emt 0:00:30]} d6 {[%emt 0:02:30]} 7. e4 {[%emt 0:09:30] LiveBook: 33 Games} e5 {[%emt 0:01:30]} 8. d5 {[%emt 0:18:30]} Bg4 {[%emt 0:09:30] E11: Bogo-Indian} (8... O-O 9. g3 a5 10. b4 Na6 11. Rb1 Bd7 12. Bd3 axb4 13. axb4 c5 14. dxc6 bxc6 15. O-O Rfb8 16. b5 Nc5 {0-1 (30) Lianes Garcia,M (2351)-Almagro Llamas,P (2483) Madrid 2018}) 9. h3 {[%emt 0:03:30]} Bxf3 {[%emt 0:07:30]} 10. Qxf3 {[%emt 0:00:30]} a5 {[%emt 0:09:30]} 11. Bd3 $146 {[%emt 0:08:30]} ({Predecessor:} 11. g4 a4 12. Bd3 h5 13. O-O-O Na6 14. Rdg1 h4 15. Qe3 Nd7 16. g5 {1-0 (27) Bergthorsson,J (2156)-Thorarinsson,P (2281) Reykjavik 2016}) 11... a4 {[%emt 0:07:30]} 12. O-O {[%emt 0:00:30]} Na6 {[%emt 0:04:30]} 13. Bc2 {[%emt 0:01:30]} Nc5 {[%emt 0:01:30]} 14. Rae1 {[%emt 0:02:30]} O-O {[%emt 0:06:30]} 15. Nb1 {[%emt 0:01:30]} c6 {[%emt 0:04:30]} 16. Nc3 {[%emt 0:01:30]} Ra6 {[%emt 0:04:30]} 17. Qd1 {[%emt 0:01:30]} Rfa8 {[%emt 0:02:30]} 18. Re2 {[%emt 0:02:30]} cxd5 {[%emt 0:04:30]} 19. exd5 {[%emt 0:02:30]} Nh5 {[%emt 0:00:30]} 20. g3 {[%emt 0:10:30]} Qg5 {[%emt 0:02:30]} 21. Kh2 {[%emt 0:06:35]} g6 {[%emt 0:04:30]} 22. Nb5 {[%emt 0:04:54]} Rb6 {[%emt 0:02:30]} 23. Qe1 {[%emt 0:04:18]} f5 {[%emt 0:14:55]} 24. f4 {[%emt 0:04:33]} exf4 {[%emt 0:00:24]} 25. gxf4 {[%emt 0:00:03]} Qf6 $1 {[%emt 0:02:56]} ({Natürlich nicht} 25... Nxf4 $6 26. Qd2 $14) 26. Qf2 {[%emt 0:01:54]} Rf8 {[%emt 0:01:29]} 27. Rfe1 {[%emt 0:01:31]} Ng7 {[%emt 0:02:53]} (27... Qxb2 $5 {[%cal Rb6b5]} 28. Bxa4 Qf6 $11) 28. Bb1 {[%emt 0:00:17]} Rf7 {[%emt 0:00:42]} 29. Nd4 {[%emt 0:01:05]} Ra6 {[%emt 0:00:36]} 30. Nf3 {[%emt 0:01:02]} h6 $2 {[%emt 0:00:20] [#]} (30... Rf8 $11 {and Black is okay.}) 31. Nd4 $2 {[%emt 0:00:34]} (31. Rg1 $1 $16) 31... Ra8 {[%emt 0:00:21]} 32. Re3 {[%emt 0:00:39]} Kh7 {[%emt 0:00:22]} 33. R3e2 {[%emt 0:00:23]} Raf8 {[%emt 0:00:18]} 34. Bc2 {[%emt 0:00:32]} Ra8 {[%emt 0:00:33]} 35. Bb1 {[%emt 0:00:30]} Raf8 {[%emt 0:00:18]} 36. Nb5 {[%emt 0:00:06]} Rd8 {[%emt 0:00:58]} 37. Qf3 {[%emt 0:00:17]} Qh4 {[%emt 0:00:47]} 38. Qg3 {[%emt 0:00:44]} Qf6 $11 {[%emt 0:00:18]} 39. Qf2 {[%emt 0:00:35]} 1-0

[Event "4th Sabbiadoro-Master 2018"]
[Site "Lignano Sabbiadoro"]
[Date "2018.07.30"]
[Round "2.6"]
[White "Calavalle, Giulio"]
[Black "Favilli, Edoardo"]
[Result "1-0"]
[WhiteElo "2275"]
[BlackElo "2116"]
[Annotator "ChessBase"]
[PlyCount "91"]
[EventDate "2018.07.29"]
[EventType "swiss"]
[EventCountry "ITA"]
[SourceTitle "playchess.com"]
[Source "ChessBase"]
[SourceQuality "1"]
[TimeControl "5400+30"]

1. e4 {[%emt 0:02:30]} e6 {[%emt 0:05:00]} 2. d4 {[%emt 0:00:30]} d5 {[%emt 0:00:00]} 3. Nc3 {[%emt 0:00:30]} Nf6 {[%emt 0:00:00]} 4. Bg5 {[%emt 0:00:30]} Bb4 {[%emt 0:00:30]} 5. e5 {[%emt 0:00:30]} h6 {[%emt 0:00:30]} 6. exf6 {[%emt 0:01:30]} hxg5 {[%emt 0:00:00]} 7. fxg7 {[%emt 0:00:00]} Rg8 {[%emt 0:01:00]} 8. h4 {[%emt 0:01:00]} gxh4 {[%emt 0:02:30]} 9. Qg4 {[%emt 0:01:30]} Qf6 {[%emt 0:05:30]} 10. O-O-O {[%emt 0:00:30]} Bd7 {[%emt 0:06:30]} 11. Qxh4 {[%emt 0:05:30]} Qxg7 {[%emt 0:01:30]} 12. g3 {[%emt 0:04:30]} Nc6 {[%emt 0:01:30]} 13. Nge2 {[%emt 0:04:30]} Be7 {[%emt 0:06:30]} 14. Qh7 {[%emt 0:06:30]} Qf8 {[%emt 0:03:30]} 15. Nf4 {[%emt 0:08:30]} O-O-O {[%emt 0:12:30]} 16. Bb5 {[%emt 0:13:30]} Rh8 {[%emt 0:17:30]} 17. Qd3 {[%emt 0:01:30]} Bg5 {[%emt 0:14:35]} 18. Kb1 {[%emt 0:05:30]} Qg7 {[%emt 0:07:08]} 19. Nh5 {[%emt 0:11:30]} Qg6 {[%emt 0:03:39]} 20. Bxc6 {[%emt 0:04:30]} Rxh5 {[%emt 0:05:10]} 21. Bxd7+ {[%emt 0:00:30]} Rxd7 {[%emt 0:04:55]} 22. Qxg6 {[%emt 0:08:37]} fxg6 {[%emt 0:00:37]} 23. Rxh5 {[%emt 0:00:30]} gxh5 {[%emt 0:00:00]} 24. Re1 {[%emt 0:00:00]} Re7 {[%emt 0:00:00]} 25. Ne2 {[%emt 0:00:17]} h4 {[%emt 0:00:24]} 26. f4 {[%emt 0:00:02]} Bf6 {[%emt 0:00:42]} 27. g4 {[%emt 0:00:30]} Rh7 {[%emt 0:00:47]} 28. g5 {[%emt 0:00:30]} Bg7 {[%emt 0:00:43]} 29. Rh1 {[%emt 0:00:30]} Kd7 {[%emt 0:00:53]} 30. Kc1 {[%emt 0:00:37]} Ke7 {[%emt 0:00:00]} 31. Kd2 {[%emt 0:00:46]} Kf7 {[%emt 0:00:30]} 32. Ke3 {[%emt 0:00:34]} c5 {[%emt 0:00:30]} 33. Rh3 {[%emt 0:00:35]} Kg6 {[%emt 0:00:30]} 34. c3 {[%emt 0:01:22]} cxd4+ {[%emt 0:00:02]} 35. cxd4 {[%emt 0:00:10]} Kf5 {[%emt 0:00:37]} 36. Kf3 {[%emt 0:01:14]} Rh8 {[%emt 0:00:01]} 37. Rh1 {[%emt 0:01:50]} Rc8 {[%emt 0:01:54]} 38. Nc3 {[%emt 0:03:50]} Bxd4 {[%emt 0:00:29]} 39. Nb5 {[%emt 0:00:18]} Bc5 {[%emt 0:00:21]} 40. Rxh4 {[%emt 0:03:08]} a6 {[%emt 0:00:18]} 41. Rh6 {[%emt 0:00:40]} Rf8 {[%emt 0:00:02]} 42. Nc7 {[%emt 0:01:27]} e5 {[%emt 0:00:43]} 43. Ne6 {[%emt 0:00:50]} e4+ {[%emt 0:01:23]} 44. Kg3 {[%emt 0:00:21]} Rf7 {[%emt 0:00:19]} 45. Ng7+ {[%emt 0:00:44]} Rxg7 {[%emt 0:00:17]} 46. Rf6# {[%emt 0:00:06]} 1-0

[Event "4th Sabbiadoro-Master 2018"]
[Site "Lignano Sabbiadoro"]
[Date "2018.07.30"]
[Round "2.7"]
[White "Peric, Slavisa"]
[Black "Bentivegna, Francesco"]
[Result "0-1"]
[WhiteElo "2109"]
[BlackElo "2271"]
[Annotator "NA"]
[PlyCount "62"]
[EventDate "2018.07.29"]
[EventType "swiss"]
[EventCountry "ITA"]
[SourceTitle "playchess.com"]
[Source "ChessBase"]
[SourceQuality "1"]
[TimeControl "5400+30"]

1. d4 {[%emt 0:00:30]} d5 {[%emt 0:19:00]} 2. Nf3 {[%emt 0:01:30]} Nf6 {[%emt 0:01:30]} 3. Nbd2 {[%emt 0:03:30]} c5 {[%emt 0:05:30]} 4. e3 {[%emt 0:04:30]} Nc6 {[%emt 0:02:30]} 5. c3 {[%emt 0:18:30]} e6 {[%emt 0:05:30]} 6. Bd3 {[%emt 0:00:00]} Bd6 {[%emt 0:00:30]} 7. O-O {[%emt 0:01:00]} O-O {[%emt 0:08:30]} 8. dxc5 {[%emt 0:01:30]} Bxc5 {[%emt 0:00:30] LiveBook: 238 Games} 9. e4 {[%emt 0:00:30]} Qc7 {[%emt 0:00:30]} 10. Qe2 {[%emt 0:02:30]} h6 {[%emt 0:00:30]} 11. a3 {[%emt 0:29:30] D05: Colle System with ...e6} (11. Bc2 Bb6 12. a4 a6 13. g3 Bd7 14. Kg2 Rad8 15. h3 e5 16. exd5 Nxd5 17. Nc4 Qc8 18. Rh1 Bc7 {½-½ (38) Mamedyarov,S (2660)-Volokitin,A (2652) Mallorca 2004 CBM 104 [Finkel,A]}) 11... Bd7 $146 {[%emt 0:07:30]} ({Predecessor:} 11... a5 12. b3 b6 13. Bb2 Nh5 14. g3 Nf6 15. c4 dxe4 16. Nxe4 Nxe4 17. Qxe4 f5 18. Qe2 e5 19. Bxe5 Nxe5 20. Qxe5 Qxe5 21. Nxe5 {1-0 (49) Tahbaz,A (2409)-Taalaibekov,T (2213) Shiraz 2017}) 12. b4 {[%emt 0:05:30]} Bd6 {[%emt 0:00:30]} 13. Bb2 {[%emt 0:05:30]} Ng4 {[%emt 0:04:30]} 14. h3 {[%emt 0:01:30]} Nge5 {[%emt 0:00:30]} 15. Nxe5 {[%emt 0:03:28]} Nxe5 {[%emt 0:00:30]} 16. Bb5 {[%emt 0:00:46]} Bxb5 {[%emt 0:07:30]} 17. Qxb5 {[%emt 0:01:10]} Nc4 {[%emt 0:00:30]} 18. Nxc4 {[%emt 0:00:42]} dxc4 {[%emt 0:00:30]} 19. Rad1 {[%emt 0:03:57]} Rfd8 {[%emt 0:03:30]} 20. Qa4 {[%emt 0:09:03]} a5 {[%emt 0:07:30]} 21. Qc2 {[%emt 0:00:30]} b5 {[%emt 0:01:30]} 22. Bc1 {[%emt 0:02:01]} axb4 {[%emt 0:05:02]} 23. axb4 {[%emt 0:00:09]} Bf4 {[%emt 0:00:06]} 24. g3 {[%emt 0:03:24]} Bxc1 {[%emt 0:02:19]} 25. Qxc1 {[%emt 0:00:10]} Rd3 {[%emt 0:00:17]} 26. Rxd3 {[%emt 0:00:35]} cxd3 {[%emt 0:00:01]} 27. Rd1 {[%emt 0:00:55]} Rd8 {[%emt 0:00:38]} 28. Qe3 {[%emt 0:01:10]} Qxc3 {[%emt 0:00:30]} 29. Qb6 {[%emt 0:00:30]} Rd4 {[%emt 0:00:30]} 30. Qxb5 {[%emt 0:00:30]} Qc2 {[%emt 0:00:30]} 31. Qb6 {[%emt 0:00:30]} Qc3 $11 {[%emt 0:00:30]} (31... Qxd1+ {mates} 32. Kg2 Qa1 33. b5 d2 34. Qa6 d1=Q 35. Qxa1 Qxa1 36. b6 Qe1 37. b7 Qxe4+ 38. Kh2 Qxb7 39. g4 Qf3 40. h4 Rxg4 41. h5 Qg2#) 0-1

[Event "4th Sabbiadoro-Master 2018"]
[Site "Lignano Sabbiadoro"]
[Date "2018.07.30"]
[Round "2.8"]
[White "Nester, Ihor"]
[Black "Bardone, Lorenzo"]
[Result "1-0"]
[WhiteElo "2305"]
[BlackElo "2103"]
[Annotator "NA"]
[PlyCount "79"]
[EventDate "2018.07.29"]
[EventType "swiss"]
[EventCountry "ITA"]
[SourceTitle "playchess.com"]
[Source "ChessBase"]
[SourceQuality "1"]
[TimeControl "5400+30"]

1. Nf3 c5 2. c4 Nc6 3. d4 cxd4 4. Nxd4 e5 {LiveBook: 127 Games} 5. Nc2 {A30: Symmetrical English: Double Fianchetto and Hedgehog} Bc5 6. Nc3 f5 $146 ({Predecessor:} 6... d6 7. g3 Be6 8. b3 Qd7 9. Be3 Nf6 10. Bxc5 dxc5 11. Qxd7+ Bxd7 12. Bg2 O-O-O {1-0 (36) Melkumyan,H (2664)-Kantans,T (2508) Batumi 2018}) 7. Be3 Bxe3 8. Nxe3 Nf6 (8... Nge7 $142) 9. Nxf5 O-O 10. e3 Qa5 (10... d5 $16 {was called for.}) 11. Nd6 e4 12. Qd2 Qe5 13. Be2 b6 14. O-O Rb8 15. Rad1 Kh8 16. a3 Nd8 17. Qd4 Qxd4 18. exd4 Ne6 19. Ncxe4 Nxe4 20. Nxe4 Nf4 21. Bf3 d5 22. cxd5 Ba6 23. Rfe1 Nxd5 24. Ng5 Nf4 25. Re7 Rbe8 26. Rxe8 Rxe8 27. Nf7+ Kg8 28. Ne5 Be2 29. Bxe2 Nxe2+ 30. Kf1 Nxd4 31. Rxd4 Rxe5 32. Rd8+ Kf7 33. Rd7+ Kf6 34. Rxa7 Rc5 35. g3 b5 $18 36. Ra5 Ke5 37. a4 Ke4 38. Rxb5 Rc4 39. b3 Rc2 40. Kg2 1-0

[Event "4th Sabbiadoro-Master 2018"]
[Site "Lignano Sabbiadoro"]
[Date "2018.07.30"]
[Round "2.9"]
[White "Arena, Ignazio"]
[Black "Micottis, Dorian"]
[Result "0-1"]
[WhiteElo "1988"]
[BlackElo "2279"]
[Annotator "TA"]
[PlyCount "74"]
[EventDate "2018.07.29"]
[EventType "swiss"]
[EventCountry "ITA"]
[SourceTitle "playchess.com"]
[Source "ChessBase"]
[SourceQuality "1"]

{[%evp 17,74,-56,22,-126,-117,-132,-118,-159,-142,-203,-203,-234,-225,-231,-162,-167,-168,-192,-173,-189,-179,-260,-271,-229,-137,-198,-164,-177,-151,-231,-245,-272,-264,-268,-266,-329,-319,-391,-378,-510,-502,-652,-609,-664,-664,-737,-447,-441,-443,-438,-435,-422,-387,-565,-562,-1085,-1082,-1076,-1076]} 1. d4 Nf6 2. c4 g6 3. Nc3 d5 4. cxd5 Nxd5 5. Bd2 Bg7 6. e4 Nxc3 7. Bxc3 O-O 8. Nf3 c5 9. Be2 Bg4 {LiveBook: 43 Games} (9... cxd4 $15 10. Nxd4 Qb6) 10. O-O $146 {D90: Grünfeld: 4 Nf3 Bg7 sidelines} (10. d5 $11) ({Predecessor:} 10. d5 e6 11. O-O exd5 12. exd5 Nd7 13. h3 Bxf3 14. Bxf3 Ne5 15. g3 Qd6 16. Bg2 b5 17. b3 Rac8 {½-½ (60) Mecking,H (2604)-Dominguez Perez,L (2723) Campinas 2013}) 10... Bxf3 $1 $17 11. Bxf3 cxd4 12. Bb4 {[#]Black is better.} Nc6 $1 {[%cal Rc6b4,Bb8c6,Bc6e5,Be5f3][%mdl 32]} 13. Bc5 (13. Bd2 $17 {was called for.}) 13... b6 $19 14. Ba3 {[#]} Ne5 $1 15. Qb3 Nxf3+ 16. Qxf3 Qd7 17. Rfe1 Rfd8 18. e5 Rac8 19. Rad1 (19. Qd3 $142) 19... d3 20. Bb4 Qd5 ({Better is} 20... Rc2 $19 {aiming for ...d2.} 21. Re4 d2) 21. Qe3 (21. Qxd5 $17 {keeps fighting.} Rxd5 22. Bc3) 21... Rd7 22. Bc3 Rcd8 23. Rd2 (23. a3 $17) 23... Qxa2 24. Red1 Qc4 25. g3 h5 26. f4 e6 27. Qf3 Bf8 {[%cal Bg7f8,Bf8c5,Bc5e3][%mdl 32]} 28. g4 Bc5+ 29. Kg2 hxg4 30. Qxg4 Be3 31. h4 Qxf4 32. Qxf4 Bxf4 33. Rf2 Bh6 34. Kf3 d2 35. Kg4 (35. h5 {is a better defense.}) 35... b5 {Black is clearly winning.} 36. b4 Rd3 37. Ba1 Rc8 {Precision: White = 17%, Black = 75%.} 0-1